MARC

LEADER 00000nam0a2200000 4500
001 306309
005 20231102001900.0
035 |a (RuTPU)RU\TPU\book\331586 
090 |a 306309 
100 |a 20151006d1983 km y0rusy50 ca 
101 0 |a rus 
102 |a RU 
105 |a a z 001zy 
200 1 |a Выявление причин отказов РЭА  |f В. П. Бережной, Л. Г. Дубицкий  |g под ред. Л. Г. Дубицкого 
210 |a Москва  |c Радио и связь  |d 1983 
215 |a 232 с.  |c ил. 
320 |a Библиогр.: с. 218-225 
606 1 |a Радиоэлектронная аппаратура  |x Отказы  |2 stltpush  |3 (RuTPU)RU\TPU\subj\23479  |9 48070 
610 1 |a причины 
610 1 |a физические модели 
610 1 |a анализ 
610 1 |a методологические принципы 
610 1 |a моделирование 
610 1 |a технические средства 
675 |a 621.396.6.019.3  |v 4 
700 1 |a Бережной  |b В. П.  |g Виктор Петрович 
701 1 |a Дубицкий  |b Л. Г.  |g Лев Григорьевич 
702 1 |a Дубицкий  |b Л. Г.  |g Лев Григорьевич  |4 340 
801 1 |a RU  |b 63413507  |c 20151006 
801 2 |a RU  |b 63413507  |c 20180709  |g RCR 
942 |c BK